| 000 | 00501nam a2200181 4500 | ||
|---|---|---|---|
| 003 | SEACOMMC | ||
| 005 | 20250513113200.0 | ||
| 008 | 250407b |||||||| |||| 00| 0 eng d | ||
| 020 |
_a978-81-272-5332-5 _cRs.225.00 |
||
| 040 | _aSEACOMMC | ||
| 082 |
_a330 _bL 53 |
||
| 100 | _aLekhi,R.K | ||
| 245 | 1 |
_aBusiness Economics : BBA III Semester WBUT / _cR.K.Lekhi [and] Chiranjit Kaur |
|
| 250 | _a2nd rev.ed. | ||
| 260 |
_a Kolkara _b Kalyani Publishers _c 2009 |
||
| 650 | _a Economics | ||
| 942 | _cBOOK | ||
| 999 |
_c1180 _d1180 |
||